000 01163cam a2200289 a 4500
999 _c332078
_d332078
001 2453137
003 NUST
005 20171109101014.0
008 891020s1990 nyua b 000 0 eng
010 _a 89022041
020 _a0387971629 (alk. paper)
040 _aDLC
_cDLC
_dDLC
050 0 0 _aTD384
_b.D75 1990
082 0 0 _a628.16 MCF
_220
245 0 0 _aDrinking water microbiology :
_bprogress and recent developments /
_cGordon A. McFeters, Editors.
260 _aNew York :
_bSpringer-Verlag,
_cc1990.
300 _axiv, 502 p. :
_bill. ;
_c23 cm.
440 0 _aBrock/Springer series in contemporary bioscience
_96240
500 _aH.B
504 _aIncludes bibliographical references.
650 0 _aDrinking water
_xMicrobiology.
_96241
650 0 _aDrinking water
_xAnalysis.
_96242
700 1 _aMcFeters, Gordon A.
_96243
856 4 2 _3Publisher description
_uhttp://www.loc.gov/catdir/enhancements/fy0815/89022041-d.html
856 4 1 _3Table of contents only
_uhttp://www.loc.gov/catdir/enhancements/fy0815/89022041-t.html
906 _a7
_bcbc
_corignew
_d1
_eocip
_f19
_gy-gencatlg
942 _2ddc
_cBK
_kIESE